INDERBIR SINGH'S TB. OF HUMAN NEURO ANATOMY( FUNDAMENTAL & CLINICAL) (Record no. 7949)

MARC details
000 -LEADER
fixed length control field 00361nam a2200133Ia 4500
082 ## - DEWEY DECIMAL CLASSIFICATION NUMBER
Classification number 611
Item number I 14 B
100 ## - MAIN ENTRY--PERSONAL NAME
Personal name BHUIYAN, PRITHA S.
245 ## - TITLE STATEMENT
Title INDERBIR SINGH'S TB. OF HUMAN NEURO ANATOMY( FUNDAMENTAL & CLINICAL)
250 ## - EDITION STATEMENT
Edition statement 9 TH
260 ## - PUBLICATION, DISTRIBUTION, ETC. (IMPRINT)
Name of publisher, distributor, etc JAYPE PUB. INDIA
Year of Publication 2014
300 ## - PAGE DESCRIPTION
No. of Pages 286
942 ## - ADDED ENTRY ELEMENTS (KOHA)
Source of classification or shelving scheme Dewey Decimal Classification
Koha item type Books
942 ## - ADDED ENTRY ELEMENTS (KOHA)
-- 4
Holdings
Withdrawn status Lost status Source of classification or shelving scheme Damaged status Not for loan Collection code Home library Current library Date acquired Vendor Name Cost, normal purchase price SGTU Bill Number Total Checkouts Full call number Accession No. (Barcode) Date last seen Bill Date Koha item type Date last borrowed Use restrictions Shelving location
    Dewey Decimal Classification     AYURVEDA SGT FA-FP Library SGT FA-FP Library 14/09/2015 ABC DELHI 395.00 SGTU 5567   611 I 14 B FA2221 14/09/2015 31/03/2015 Books      
    Dewey Decimal Classification     AYURVEDA SGT FA-FP Library SGT FA-FP Library 14/09/2015 ABC DELHI 395.00 SGTU 5567 2 611 I 14 B FA2222 15/06/2016 31/03/2015 Books 15/06/2016    
    Dewey Decimal Classification     AYURVEDA SGT FA-FP Library SGT FA-FP Library 14/09/2015 ABC DELHI 395.00 SGTU 5567 5 611 I 14 B FA2223 25/05/2023 31/03/2015 Books 21/11/2020    
    Dewey Decimal Classification     AYURVEDA SGT FA-FP Library SGT FA-FP Library 14/09/2015 ABC DELHI 395.00 SGTU 5567 4 611 I 14 B FA2224 26/07/2023 31/03/2015 Books 05/07/2023    
    Dewey Decimal Classification     AYURVEDA SGT FA-FP Library SGT FA-FP Library 14/09/2015 ABC DELHI 395.00 SGTU 5567   611 I 14 B FA2225 14/09/2015 31/03/2015 Books   Restricted Access Reference Book